Compendium of the social doctrine of the church / (Record no. 8343)

MARC details
000 -LEADER
fixed length control field 00694nam a22002057a 4500
003 - CONTROL NUMBER IDENTIFIER
control field OSt
005 - DATE AND TIME OF LATEST TRANSACTION
control field 20260210063341.0
008 - FIXED-LENGTH DATA ELEMENTS--GENERAL INFORMATION
fixed length control field 260210b |||||||| |||| 00| 0 eng d
020 ## - INTERNATIONAL STANDARD BOOK NUMBER
International Standard Book Number 971-8816-75-5.
040 ## - CATALOGING SOURCE
Original cataloging agency DWC-Admin lib
Transcribing agency OC
082 ## - DEWEY DECIMAL CLASSIFICATION NUMBER
Classification number Fil. 282 C737 2004
110 ## - MAIN ENTRY--CORPORATE NAME
Corporate name or jurisdiction name as entry element Catholic Bishops' Conference of the Philippines
245 ## - TITLE STATEMENT
Title Compendium of the social doctrine of the church /
Statement of responsibility, etc. Catholic Bishops' Conference of the Philippines
260 ## - PUBLICATION, DISTRIBUTION, ETC.
Place of publication, distribution, etc. Manila :
Name of publisher, distributor, etc. CBCP,
Date of publication, distribution, etc. c2004.
300 ## - PHYSICAL DESCRIPTION
Extent xix, 557 p. ;
Dimensions 21 cm.
504 ## - BIBLIOGRAPHY, ETC. NOTE
Bibliography, etc. note Includes indexes.
650 ## - SUBJECT ADDED ENTRY--TOPICAL TERM
Topical term or geographic name entry element 1. Catholic church-Doctrines.
650 ## - SUBJECT ADDED ENTRY--TOPICAL TERM
Topical term or geographic name entry element 2. Christian sociology-Catholic church.
942 ## - ADDED ENTRY ELEMENTS (KOHA)
Source of classification or shelving scheme Dewey Decimal Classification
Koha item type Book-Filipiniana
Classification part Fil.
Suppress in OPAC No
952 ## - LOCATION AND ITEM INFORMATION (KOHA)
--
952 ## - LOCATION AND ITEM INFORMATION (KOHA)
--
952 ## - LOCATION AND ITEM INFORMATION (KOHA)
--
Holdings
Withdrawn status Lost status Source of classification or shelving scheme Damaged status Not for loan Home library Current library Shelving location Date acquired Source of acquisition Cost, normal purchase price Total Checkouts Full call number Barcode Date last seen Copy number Price effective from Koha item type Uniform Resource Identifier
    Dewey Decimal Classification     College Library College Library Filipiniana 08/23/2007 School Fund 330.00   Fil. 282 C737 2004 CL45089 02/10/2026 c5 02/10/2026 BK - FIL
    Dewey Decimal Classification     College Library College Library Filipiniana 08/23/2007 School Fund 330.00   Fil. 282 C737 2004 CL45088 04/22/2026 c4 02/10/2026 BK - FIL
    Dewey Decimal Classification     College Library College Library Filipiniana 08/23/2007 School Fund 330.00   Fil. 282 C737 2004 CL45086 04/22/2026 c2 02/10/2026 BK - FIL